000 00813nam a2200229Ia 4500
003 OSt
005 20220923221850.0
006 a|||||r|||| 00| 0
007 ta
008 220922b |||||||| |||| 00| 0 hin d
024 _a200,609
037 _cTextual
040 _aARTS
_cARTS
_bhin
041 _2hin
_ahin
082 _aV2:5:L, 152J0;L3
100 _aउपाध्याय, भगवत शरण
245 0 _aभारतीय समाज का ऐतिहासिक विश्लेषण
246 _aBhāratīya samāj kā aitihāsik vishleṣhaṇa
260 _aनई दिल्ली
_b पीपुल्स पबिल् हा0
_c1973
942 _hV2:5:L, 152J0;L3
_cTEXL
_2CC
999 _c352281
_d352281